000
00331nam a22001457a 4500
008
221205b ||||| |||| 00| 0 eng d
020
_a
9780134434681
041
_a
eng
080
_2
SIXTH EDITION
_a
51
082
_a
51 PIR
100
_a
20.1
101
_a
MATE
245
_a
MATHEMATICS ALL AROUND
_c
PIRNOT TH
942
_2
udc
_c
BK
999
_c
59091
_d
59091